000 00364nam a2200145 i 4500
001 bg
100 1 _aCHMIELNICKI, Witold.
245 0 _aPodstawy automatyki w inżynierii sanitarnej /
_cW.J. Chmielnicki.
260 _aWarszawa,
_c1983.
040 _cBPK
041 _apol
080 _a628-52(075.8)
942 _cKS
008 s pl f |000 0 pol
999 _c22076
_d22076
856 _uhttp://koha.tu.koszalin.pl/cgi-bin/koha/opac-detail.pl?biblionumber=22076
_yKatalog online BPK